Zeus contra los Titanes /

Los mitos empezaron a tomar forma como un modo de dar respuesta a las grandes preguntas del hombre: ¿cómo empezó todo?, ¿quién creó cada una de las cosas que existen en la Tierra?, ¿por qué llueve o truena? ¡Cuántas preguntas!, ¿no? Empecemos a contestar, pero en este caso, del modo en que lo veían...

Descripción completa

Guardado en:
Autor Principal: Blanco, Eduardo M.; adapt.
Otros Autores: Gómez, Wally; il.
Formato: Libro
Idioma:Undetermined
Publicado: Buenos Aires : Santillana, 2011.
Edición:1a ed.
Series:Mis primeros clásicos de la mitología universal ; 1
Materias:
Etiquetas: Agregar Etiqueta
Sin Etiquetas, Sea el primero en etiquetar este registro!
LEADER 01260nam a22002295a 4500
001 CEM.cems021077
008 240424s2011####ag############000#0#und#d
005 20240424191429.0
245 1 0 |a Zeus contra los Titanes /  |c Adaptado por Eduardo M. Blanco ; ilustrado por Wally Gómez. 
250 |a 1a ed. 
260 |a Buenos Aires :  |b Santillana,  |c 2011. 
300 |a 48 p. 
490 1 |a Mis primeros clásicos de la mitología universal ;  |v 1 
520 |a Los mitos empezaron a tomar forma como un modo de dar respuesta a las grandes preguntas del hombre: ¿cómo empezó todo?, ¿quién creó cada una de las cosas que existen en la Tierra?, ¿por qué llueve o truena? ¡Cuántas preguntas!, ¿no? Empecemos a contestar, pero en este caso, del modo en que lo veían los griegos, es decir, a través de los mitos. Estos son relatos que justamente explican lo que sucedió en los orígenes o "tiempos primordiales", con los dioses, los héroes y los seres humanos como todos nosotros... 
020 |a 9789870418573 
100 1 |a Blanco, Eduardo M.; adapt. 
700 1 |a Gómez, Wally; il. 
653 |a Mitología 
653 |a Mitología griega 
653 |a Mitos 
653 |a Literatura griega 
859 |a CEMS  |b BIB. CEMS - Inicial y Primaria  |h 883  |i B598-5  |k IP  |p 6557  |t Ej.1